000 00423cam a2200145 4500500
005 20260405005154.0
041 _afre
042 _adc
100 1 0 _aChivot, Dominique
_eauthor
245 0 0 _aTelevision
260 _c2005.
500 _a12
786 0 _nÉtudes | Volume 403 | 7 | 2005-07-01 | p. 113-115 | 0014-1941
856 4 1 _uhttps://shs.cairn.info/journal-etudes-2005-7-page-113?lang=en&redirect-ssocas=7080
999 _c2081570
_d2081570